Mái tây = Tây Sương Ký

Spremljeno u:
Bibliografski detalji
Glavni autor: Vương Thực Phủ
Format: Knjiga
Jezik:Undetermined
Izdano: H. VHTT 1999
Teme:
Oznake: Dodaj oznaku
Bez oznaka, Budi prvi tko označuje ovaj zapis!
Thư viện lưu trữ: Trung tâm Học liệu Trường Đại học Cần Thơ
LEADER 00498nam a2200181Ia 4500
001 CTU_51976
008 210402s9999 xx 000 0 und d
020 |b 35000 
082 |a 895.12 
082 |b Ph500 
100 |a Vương Thực Phủ 
245 0 |a Mái tây = Tây Sương Ký 
245 0 |c Vương Thực Phủ, Nhượng Tống 
260 |a H. 
260 |b VHTT 
260 |c 1999 
650 |a chinese drama 
980 |a Trung tâm Học liệu Trường Đại học Cần Thơ